| 000 | 00622nam a2200241 a 4500 | ||
|---|---|---|---|
| 001 | 0001-0971 | ||
| 003 | ELIB.Books | ||
| 008 | 140917 2010 eng | ||
| 020 | _a0664250092 | ||
| 035 | _a(ELIB.Books)0001-1125 | ||
| 092 |
_a259.4 _bAmo |
||
| 100 | _aAmos, William E. | ||
| 245 | _aWhen AIDS Comes to Church | ||
| 260 |
_aPhiladelphia _bThe Westminster Press _c1988 |
||
| 300 |
_a129 _c20.3 Cm |
||
| 500 | _aDr. Yahalaylayla | ||
| 650 | _aPastoral Counseling | ||
| 856 |
_nKBTS; Library _uKBTS; Elib. |
||
| 942 |
_2ddc _cBK |
||
| 990 | _a1 | ||
| 998 |
_cbat _e2014-09-17 |
||
| 999 |
_c10971 _d10971 |
||